Statistics for Paramore Discography

Click here to take the quiz!

General Stats

  • This quiz has been taken 25 times
  • The average score is 45 of 64

Answer Stats

HintAnswer% Correct
brand new eyesIgnorance
100%
RIOT!Misery Business
100%
All We Know Is FallingEmergency
94%
After LaughterHard Times
89%
After LaughterRose-Colored Boy
89%
brand new eyesThe Only Exception
89%
brand new eyesPlaying God
83%
ParamoreStill Into You
83%
ParamoreFast In My Car
83%
All We Know Is FallingPressure
83%
After LaughterGrudges
83%
After LaughterPool
83%
After LaughterForgiveness
78%
After Laughter26
78%
ParamoreI'm Not Angry Anymore
78%
RIOT!crushcrushcrush
78%
RIOT!For A Pessimist, I'm Pretty Optimistic
78%
brand new eyesCareful
78%
After LaughterTold You So
78%
After LaughterIdle Worship
78%
brand new eyesBrick by Boring Brick
78%
After LaughterNo Friend
78%
All We Know Is FallingMy Heart
78%
brand new eyesAll I Wanted
72%
ParamoreHoliday
72%
ParamoreAin't It Fun
72%
ParamoreDaydreaming
72%
ParamoreNow
72%
All We Know Is FallingAll We Know
72%
All We Know Is FallingBrighter
72%
All We Know Is FallingConspiracy
72%
All We Know Is FallingFranklin
72%
RIOT!Fences
72%
RIOT!That's What You Get
72%
RIOT!When It Rains
72%
brand new eyesWhere the Lines Overlap
67%
brand new eyesMisguided Ghosts
67%
After LaughterCaught In The Middle
67%
All We Know Is FallingWhoa
67%
After LaughterFake Happy
67%
RIOT!Hallelujah
67%
ParamoreFuture
67%
RIOT!Let The Flames Begin
67%
After LaughterTell Me How
67%
ParamoreGrow Up
67%
RIOT!Born For This
67%
ParamoreMoving On
67%
RIOT!We Are Broken
61%
All We Know Is FallingHere We Go Again
61%
All We Know Is FallingNever Let This Go
61%
ParamoreHate To See Your Heart Break
61%
ParamoreProof
61%
ParamoreAnklebiters
61%
RIOT!Miracle
61%
ParamoreLast Hope
61%
ParamoreNative Tongue
56%
ParamorePart II
56%
ParamoreEscape Route
56%
brand new eyesTurn It Off
56%
ParamoreTell Me It's Okay
50%
brand new eyesFeeling Sorry
50%
Paramore(One Of Those) Crazy Girls
50%
brand new eyesLooking Up
50%
ParamoreBe Alone
44%

Score Distribution

Percentile by Number Answered

Percent of People with Each Score

Your Score History

You have not taken this quiz